Lễ hội Nàng Hai của người Tày Cao Bằng
Sách giới thiệu khái quát về tỉnh Cao Bằng và dân tộc Tày Cao Bằng, các hình thức lễ hội Nàng Hai, khúc hát lượn Hai cầu mùa bản Giuồng xã Tiên Thành, huyện Quảng Uyên, tỉnh Cao Bằng.
Gespeichert in:
| 1. Verfasser: | |
|---|---|
| Format: | Buch |
| Sprache: | Undetermined |
| Veröffentlicht: |
Hà Nội
Sân khấu
2018
|
| Schlagworte: | |
| Tags: |
Tag hinzufügen
Keine Tags, Fügen Sie den ersten Tag hinzu!
|
| Thư viện lưu trữ: | Trung tâm Học liệu Trường Đại học Cần Thơ |
|---|
| LEADER | 00886nam a2200205Ia 4500 | ||
|---|---|---|---|
| 001 | CTU_236025 | ||
| 008 | 210402s9999 xx 000 0 und d | ||
| 082 | |a 394.269597 | ||
| 082 | |b Y603 | ||
| 100 | |a Nguyễn, Thị Yên | ||
| 245 | 0 | |a Lễ hội Nàng Hai của người Tày Cao Bằng | |
| 245 | 0 | |c Nguyễn Thị Yên | |
| 260 | |a Hà Nội | ||
| 260 | |b Sân khấu | ||
| 260 | |c 2018 | ||
| 520 | |a Sách giới thiệu khái quát về tỉnh Cao Bằng và dân tộc Tày Cao Bằng, các hình thức lễ hội Nàng Hai, khúc hát lượn Hai cầu mùa bản Giuồng xã Tiên Thành, huyện Quảng Uyên, tỉnh Cao Bằng. | ||
| 650 | |a Lễ hội dân gian,Folk festivals | ||
| 650 | |z Việt Nam,Vietnam | ||
| 910 | |b nthai | ||
| 980 | |a Trung tâm Học liệu Trường Đại học Cần Thơ | ||